Daniil Moskovskij

Bibliographic Details
Other Authors: Kargalov, Vadim Viktorovič, Tumasov, Boris Jevgen'jevič
Format: Book
Language:Russian
PhysicalDescription:428 s., 21 cm
Published: Moskva Ast [etc.] 2001
ISBN:5170094760
5271026175
Series:Rjurikoviči
Subjects:

MARC

LEADER 00000nam a2200000 a 4500
001 vtls001444670
003 SK-MaSNL
005 20260302024430.0
008 251113sm y0 ru r 0 rus
020 |a 5170094760  |c [170,00] 
020 |a 5271026175 
035 |a SNK000399900 
040 |a SNK  |b slo  |c SNK  |e AACR2 
041 0 |a rus 
043 |a e-ur-ru 
044 |a ru  |c RU 
072 7 |a 821.161.1  |x Ruská literatúra  |2 konspekt 
080 |a 821.161.1-31  |2 1981 
080 |a 929  |2 1981 
080 |a 94(47)  |2 1981 
245 0 |a Daniil Moskovskij 
260 |a Moskva  |b Ast [etc.]  |c 2001 
300 |a 428 s.,  |c 21 cm 
490 1 |a Rjurikoviči 
505 1 |a Obsahuje 2 historické romány: U istokov Rossii / Vadim Kargalov -- Knjažestvu Moskovskomu Velikim byt' / Boris Tumasov 
600 0 |a Daniil Aleksandrovič  |d 1261-1303  |2 SNK  |9 672465 
650 0 7 |a Rusko  |2 SNK  |9 162943 
700 1 2 |a Kargalov, Vadim Viktorovič  |t U istokov Rossii  |9 672466 
700 1 2 |a Tumasov, Boris Jevgen'jevič  |t Knjažestvu Moskovskomu Velikim byť'  |9 672467 
830 0 |a Rjurikoviči  |9 301249 
919 |a 5-17-009476-0 
919 |a 5-271-02617-5 
999 |c 1040414  |d 1042344 
952 |t P60, <04>, [BOOK], {604}  |a SNK  |b SNK  |y VYP  |7 0  |p 17A0378039  |o snkIC 130699  |i snkV 583/2003  |0 0  |1 0  |4 0  |d 2003-03-14  |l 0  |r 2005-01-02 00:00:00  |w 2026-02-24